00298 a2200109 450000500170000002000180001708200150003510000170005024500380006726000530010530000300015820250627152311.0 a0-7614-7421-8 a578.76 CAV aCAVENDISH,M. aEncyclopedia of the Aquatic World aNewYork,bMarshall Cavendish Corporation,c2004. a429p.:ill.;picturesc29cm